000
00256nam a2200097Ia 4500
001
741455
005
20250826164200.0
008
250824s9999 xx 000 0 und d
245
0
_a
YALTACIKOĞLU YUMSIK
_c
SÜLEYMAN TEYEK
260
_b
MİLLİ EĞİTİM YAYINLARI
999
_c
741455
_d
741455